000 00264nam a22001217a 4500
082 _a823
_bH&C/P
245 _aTHE PRICE OF BEAUTY
260 _aTHRISSUR
_bH&C
300 _a46
520 _aENGLISH SHORT STORY
650 _aENGLISH SHORT STORY
_zKERALA
942 _cBK
999 _c5888
_d5888